|
|
|
|
| LEADER |
01247nam a22003374a 4500 |
| 001 |
EBC3000574 |
| 003 |
MiAaPQ |
| 005 |
20200520144314.0 |
| 006 |
m o d | |
| 007 |
cr cn||||||||| |
| 008 |
000222s2001 ctu sb 001 0 eng |
| 010 |
|
|
|z 00025250
|
| 020 |
|
|
|z 1567203663 (alk. paper)
|
| 035 |
|
|
|a (MiAaPQ)EBC3000574
|
| 035 |
|
|
|a (Au-PeEL)EBL3000574
|
| 035 |
|
|
|a (CaPaEBR)ebr10017903
|
| 035 |
|
|
|a (OCoLC)923555995
|
| 040 |
|
|
|a MiAaPQ
|c MiAaPQ
|d MiAaPQ
|
| 050 |
|
4 |
|a HD38.7
|b .W35 2001
|
| 082 |
0 |
4 |
|a 658.4/7
|2 21
|
| 100 |
1 |
|
|a Walle, Alf H.
|
| 245 |
1 |
0 |
|a Qualitative research in intelligence and marketing
|h [electronic resource] :
|b the new strategic convergence /
|c Alf H. Walle III.
|
| 260 |
|
|
|a Westport, Conn. :
|b Quorum Books,
|c 2001.
|
| 300 |
|
|
|a xii, 246 p.
|
| 504 |
|
|
|a Includes bibliographical references and index.
|
| 533 |
|
|
|a Electronic reproduction. Ann Arbor, MI : ProQuest, 2015. Available via World Wide Web. Access may be limited to ProQuest affiliated libraries.
|
| 650 |
|
0 |
|a Business intelligence.
|
| 650 |
|
0 |
|a Marketing research.
|
| 655 |
|
4 |
|a Electronic books.
|
| 710 |
2 |
|
|a ProQuest (Firm)
|
| 856 |
4 |
0 |
|u https://ebookcentral.proquest.com/lib/matrademy/detail.action?docID=3000574
|z Click to View
|